| 000 | 01025nam a22002537a 4500 | ||
|---|---|---|---|
| 999 |
_c1709 _d1709 |
||
| 003 | AR-CdUCM | ||
| 008 | 190227b ||||| |||| 00| 0 spa d | ||
| 020 | _a922300991 | ||
| 040 |
_aMUNICIPALIDAD PROVINCIAL DEL CUSCO _cBIBLIOTECA MUNICIPAL DEL CUSCO |
||
| 082 |
_21ra. ed. _a331.88041 / _bO36 |
||
| 110 |
_aOficina Internacional del Trabajo _96320 |
||
| 245 |
_aLa Gestion Obrera de las Empresas en Yugoslavia / _cOficina Internacional del Trabajo |
||
| 260 |
_aGinebra, Suiza: _bLausana , _c1962 |
||
| 300 |
_a355 paginas / _c24 cm. |
||
| 440 |
_aEstudios y Documentos, nueva serie _n64 _96321 |
||
| 505 | _aAmbiente en el que se desarrolla la gestion obrera -- La empresa y sus organos de gestion -- La Gestion obrera y su ejercicio... | ||
| 650 |
_aProletariado. _94333 |
||
| 650 |
_aGestion Obrera. _96322 |
||
| 650 |
_aAdministracion de Empresas. _96082 |
||
| 650 |
_aGestion Industrial. _96323 |
||
| 710 |
_aOficina Internacional del Trabajo _tnuevas serie _96324 |
||
| 942 |
_2ddc _cLIBROS |
||
| 945 |
_artm _d2019-02-27 |
||